Οριστική χωροταξική μελέτη
Αποθηκεύτηκε σε:
| Συγγραφή απο Οργανισμό/Αρχή: | |
|---|---|
| Μορφή: | Βιβλίο |
| Γλώσσα: | Greek |
| Δημοσίευση: |
Αθήναι :
Υπουργείο Συντονισμού και Προγραμματισμού, Γενική Διεύθυνσις Χωροταξίας και Δημοσίων Επενδύσεων, Επιτελική Ομάς Χωροταξικών Σχεδίων και Προγραμμάτων,
[1978?]
|
| Θέματα: | |
| Ετικέτες: |
Προσθήκη ετικέτας
Δεν υπάρχουν, Καταχωρήστε ετικέτα πρώτοι!
|
MARC
| LEADER | 00000nam a2200000 i 4500 | ||
|---|---|---|---|
| 001 | 1/9802 | ||
| 008 | 970321s gre d | ||
| 035 | |l 10017622 | ||
| 040 | |a GR-MY-UA |b gre |e aacr | ||
| 041 | 0 | |a gre | |
| 082 | 0 | |a 711.45094955 | |
| 110 | 2 | |a Basil - Ο.Π.Α.Μ. | |
| 245 | 1 | 0 | |a Οριστική χωροταξική μελέτη / |c Μπέιζιλ - Ομάς Πολεοδομικών και Αρχιτεκτωνικών Μελετών |
| 260 | |a Αθήναι : |b Υπουργείο Συντονισμού και Προγραμματισμού, Γενική Διεύθυνσις Χωροταξίας και Δημοσίων Επενδύσεων, Επιτελική Ομάς Χωροταξικών Σχεδίων και Προγραμμάτων, |c [1978?] | ||
| 650 | 0 | 0 | |a Land use |x Planning |z Greece |z Corfu Island. |
| 650 | 0 | 0 | |a City planning. |
| 774 | 1 | |t Κέρκυρα | |
| 852 | |a INST |b LESVOS |e 19970321 |h 711.45094955 BAS |p 005100011740 |q 005100011740 |t BK |y 0 |z τ.2 | ||
| 852 | |a INST |b LESVOS |e 19970321 |h 711.45094955 BAS |p 005100011741 |q 005100011741 |t BK |y 0 |z τ.2 | ||
| 852 | |a INST |b LESVOS |e 19970321 |h 711.45094955 BAS |p 005100011740 |q 005100011740 |t BK |v τ.2: |y 0 |z τ.2 | ||
| 852 | |a INST |b LESVOS |e 19970321 |h 711.45094955 BAS |p 005100011741 |q 005100011741 |t BK |v τ.2: |y 0 |z τ.2 | ||
| 853 | |a INST |b LESVOS |h 711.45094955 BAS | ||
| 909 | |a Λ |b 015479 | ||